[Event "Mitropa Cup 13th"]
[Site "Leibnitz"]
[Date "1990.??.??"]
[Round "1"]
[White "Pavlovic, Milos"]
[Black "Zueger, Beat"]
[Result "1/2-1/2"]
[WhiteElo "2465"]
[BlackElo "2425"]
[Annotator "Knaak,R"]
[PlyCount "94"]
[EventDate "1990.09.??"]
[EventType "team-tourn"]
[EventRounds "7"]
[EventCountry "AUT"]
[Source "ChessBase"]
[SourceDate "1991.02.01"]

1. e4 e6 2. d4 d5 3. Nc3 Nf6 4. Bg5 Be7 5. e5 Nfd7 6. h4 c5 {Laut Nougeiras/
Sieiro am besten (YB16)} 7. Nb5 $5 f6 (7... cxd4 {Kuzmin-Huzman/URS/1989/CBM16}
) 8. Bd3 a6 9. Qh5+ Kf8 10. Rh3 axb5 11. Bh6 Qa5+ (11... gxh6 $2 {Von ECO und
Nogueiras/Sieiro mit = durch Dauerschach angegeben.} 12. Qxh6+ Kf7 13. Qh5+ Kf8
14. Bxh7 Qa5+ 15. b4 Qxb4+ 16. c3 Qb2 17. Qh6+ Kf7 18. Qg6+ Kf8 19. Rb1 Qxa2
20. Rg3 $18) 12. Bd2 Qc7 13. Rg3 cxd4 14. Nf3 Nxe5 15. Rxg7 h6 $8 (15... Kxg7
$2 16. Bh6+ Kg8 17. Qe8+) (15... Nxf3+ $2 16. Kd1) 16. Rg3 $5 {N} (16. Bh7 Kxg7
17. Qxh6+ Kf7 18. Qh5+ {0,5-0,5/Rosetto-Stahlberg/Vina del Mar/1947}) (16. Bxh6
$2 Rxh6 17. Qxh6 Bb4+) 16... Nxf3+ (16... Nf7 17. Qg6 Bd6 18. Qg7+ Ke7 19. Rg6)
17. Rxf3 Nc6 18. Kf1 Qe5 19. Qg6 $2 (19. Bxh6+ $1 Rxh6 20. Qxh6+ Ke8 21. Rg3
$16 {Ph4}) 19... f5 20. Rg3 $6 Bxh4 $1 21. Rh3 (21. Bxh6+ $2 Ke7 22. Bg7 (22.
Rh3 Qf6 $19) 22... Bxg3 23. Bxe5 Bxe5 $19) 21... Bg5 $17 (21... Qf6 $2 22. Qh5)
22. f4 Bxf4 23. Re1 Bxd2 $1 (23... Qg7 24. Qxg7+ Kxg7 25. Bxf4 $13) 24. Rxe5
Nxe5 25. Qf6+ Nf7 26. Bxb5 Rxa2 $2 27. Qxd4 Bg5 28. Rc3 $10 Ra1+ 29. Ke2 Ra8
30. Rc7 Rg8 31. Qc3 Be7 32. Rxc8+ Rxc8 33. Qxc8+ Nd8 34. Kf1 Rg4 35. Be2 Rf4+
36. Ke1 Re4 37. Kd1 Rd4+ 38. Kc1 Re4 39. Bf3 Re1+ 40. Kd2 Re5 41. Qd7 f4 42. b3
Rg5 43. Kd3 Re5 44. Kd2 Kf7 45. Qc7 Kf6 46. Qb6 Kg5 47. Qb5 Kf6 1/2-1/2

[Event "Mitropa Cup 13th"]
[Site "Leibnitz"]
[Date "1990.??.??"]
[Round "1"]
[White "Sarno, Spartaco"]
[Black "Horvath, Jozsef"]
[Result "0-1"]
[WhiteElo "2385"]
[BlackElo "2540"]
[PlyCount "80"]
[EventDate "1990.09.??"]
[EventType "team-tourn"]
[EventRounds "7"]
[EventCountry "AUT"]
[Source "ChessBase"]
[SourceDate "1991.02.01"]

1. d4 Nf6 2. c4 g6 3. Nc3 d5 4. Nf3 Bg7 5. Qb3 dxc4 6. Qxc4 O-O 7. e4 Na6 8.
Be2 c5 9. d5 e6 10. O-O exd5 11. exd5 b6 12. Rd1 Nb4 13. Qh4 Nc2 14. Rb1 Bf5
15. Bg5 Nd4 16. Nxd4 cxd4 17. Ne4 Bxe4 18. Bxf6 Qxd5 19. Rxd4 Qxa2 20. Re1 Bxf6
21. Qxf6 Rae8 22. Rd7 Bd3 23. Rxd3 Rxe2 24. Red1 Qxb2 25. Rd4 Re4 26. h4 h5 27.
f3 Rxd4 28. Rxd4 a5 29. Qf4 b5 30. Rd7 a4 31. Ra7 a3 32. Qd6 b4 33. Kh2 Qf2 34.
Qe7 a2 35. Kh3 b3 36. Qa3 Qc2 37. Ra8 Rxa8 38. Qxa8+ Kg7 39. g4 hxg4+ 40. fxg4
Qc3+ 0-1

[Event "Mitropa Cup 13th"]
[Site "Leibnitz"]
[Date "1990.??.??"]
[Round "1"]
[White "Schlosser, Philipp"]
[Black "Hoffmann, Regis"]
[Result "1-0"]
[WhiteElo "2455"]
[BlackElo "2205"]
[Annotator "Schussler"]
[PlyCount "65"]
[EventDate "1990.09.??"]
[EventType "team-tourn"]
[EventRounds "7"]
[EventCountry "AUT"]
[Source "ChessBase"]
[SourceDate "1991.02.01"]

1. e4 e5 2. Nf3 Nf6 3. Nxe5 d6 4. Nf3 Nxe4 5. d4 d5 6. Bd3 Be7 7. O-O Nc6 8. c4
Bg4 9. cxd5 $5 {9.Re1 transposes to the main-line.} Qxd5 10. Nc3 Nxc3 11. bxc3
Bxf3 12. gxf3 {12.Qxf3 is minimally better for White.} O-O 13. Rb1 f5 14. Qe2
Kh8 15. Rb5 Qd7 16. Rxb7 Nd8 17. Rb1 Bd6 18. Re1 Qf7 19. f4 Qg6+ 20. Kh1 Qh6
21. Qf3 Nf7 22. Rg1 g5 23. Rb5 g4 24. Qg3 c5 25. dxc5 Be7 26. Qg2 Qg6 27. Ra5
Rad8 28. Bc4 h5 29. Be3 Bf6 30. Ra6 Qg7 31. Rxa7 Bxc3 32. Qb7 Rb8 33. Qd5 {Zeit
} 1-0

[Event "Mitropa Cup 13th"]
[Site "Leibnitz"]
[Date "1990.??.??"]
[Round "1"]
[White "Tolnai, Tibor"]
[Black "Bellia, Fabrizio"]
[Result "1/2-1/2"]
[WhiteElo "2480"]
[BlackElo "2295"]
[Annotator "Schussler"]
[PlyCount "93"]
[EventDate "1990.09.??"]
[EventType "team-tourn"]
[EventRounds "7"]
[EventCountry "AUT"]
[Source "ChessBase"]
[SourceDate "1991.02.01"]

1. e4 e5 2. Nf3 Nc6 3. Bb5 a6 4. Ba4 Nf6 5. O-O Be7 6. Re1 b5 7. Bb3 d6 8. c3
O-O 9. h3 Nd7 10. d4 Bf6 11. Be3 Bb7 {11. - Na5.} 12. Nbd2 Na5 13. Bc2 c5 14.
d5 c4 15. Nf1 g6 16. Qd2 Bg7 17. Ng3 Nc5 18. Reb1 Bc8 19. b4 cxb3 20. axb3 Nab7
21. Bh6 Bxh6 22. Qxh6 f6 23. Nd2 Nd7 24. Bd3 Nb6 25. Bf1 Bd7 26. Rc1 Nc5 27. b4
Nca4 28. c4 bxc4 29. Nxc4 Nxc4 30. Rxc4 a5 31. bxa5 Nc5 32. a6 Rxa6 33. Rxa6
Nxa6 34. Rc3 Nc5 35. Nf5 Bxf5 36. exf5 g5 37. Rg3 Qb6 38. Rg4 Qb1 39. h4 Qxf5
40. f3 Qg6 41. hxg5 Qxh6 42. gxh6+ Kh8 43. Rg7 f5 44. Rc7 Kg8 45. Rg7+ Kh8 46.
Rc7 Kg8 47. Rg7+ 1/2-1/2

[Event "Mitropa Cup 13th"]
[Site "Leibnitz"]
[Date "1990.??.??"]
[Round "2"]
[White "Arlandi, Ennio"]
[Black "Pavlovic, Milos"]
[Result "1/2-1/2"]
[WhiteElo "2400"]
[BlackElo "2465"]
[PlyCount "63"]
[EventDate "1990.09.??"]
[EventType "team-tourn"]
[EventRounds "7"]
[EventCountry "AUT"]
[Source "ChessBase"]
[SourceDate "1991.02.01"]

1. d4 Nf6 2. c4 g6 3. Nc3 Bg7 4. e4 d6 5. Nf3 O-O 6. Be2 c5 7. O-O cxd4 8. Nxd4
Nc6 9. Be3 Bd7 10. b3 Nxd4 11. Bxd4 Bc6 12. f3 a5 13. Nd5 Nd7 14. Bxg7 Kxg7 15.
Qd4+ e5 16. Qd2 Bxd5 17. Qxd5 Qb6+ 18. Kh1 Nc5 19. Rad1 Rfd8 20. f4 f6 21. f5
Qc6 22. Bf3 Qxd5 23. Rxd5 Kf7 24. Kg1 Ke7 25. Kf2 Ra6 26. Ke3 Rb6 27. Rb1 Rb4
28. Bd1 Ra8 29. a3 Rb6 30. Bc2 Rc6 31. Rdd1 Nd7 32. Bd3 1/2-1/2

[Event "Mitropa Cup 13th"]
[Site "Leibnitz"]
[Date "1990.??.??"]
[Round "2"]
[White "Bellia, Fabrizio"]
[Black "Jovicic, Milos"]
[Result "1-0"]
[WhiteElo "2295"]
[BlackElo "2325"]
[PlyCount "69"]
[EventDate "1990.09.??"]
[EventType "team-tourn"]
[EventRounds "7"]
[EventCountry "AUT"]
[Source "ChessBase"]
[SourceDate "1991.02.01"]

1. e4 c5 2. Nf3 d6 3. d4 cxd4 4. Nxd4 Nf6 5. Nc3 g6 6. g3 Nc6 7. Nde2 Bd7 8.
Bg2 Qc8 9. h3 Bg7 10. Nd5 Nxd5 11. exd5 Ne5 12. a4 O-O 13. Ra2 Bf5 14. b3 h5
15. Be3 Re8 16. Nd4 Nd3+ 17. cxd3 Qc3+ 18. Ke2 Bxd4 19. Rc2 Qxb3 20. Bxd4 e6
21. dxe6 Rxe6+ 22. Be3 Rae8 23. Rc4 Qb2+ 24. Qd2 Qe5 25. g4 d5 26. gxf5 gxf5
27. Rc5 f4 28. Rxd5 Qg7 29. Be4 fxe3 30. Qxe3 Qb2+ 31. Qd2 Qb3 32. Rg1+ Kf8 33.
Rxh5 Rxe4+ 34. dxe4 Qc4+ 35. Kf3 1-0

[Event "Mitropa Cup 13th"]
[Site "Leibnitz"]
[Date "1990.??.??"]
[Round "2"]
[White "Herndl, Harald"]
[Black "Tolnai, Tibor"]
[Result "1/2-1/2"]
[WhiteElo "2285"]
[BlackElo "2480"]
[PlyCount "110"]
[EventDate "1990.09.??"]
[EventType "team-tourn"]
[EventRounds "7"]
[EventCountry "AUT"]
[Source "ChessBase"]
[SourceDate "1991.02.01"]

1. d4 Nf6 2. c4 e6 3. Nf3 c5 4. d5 exd5 5. cxd5 d6 6. Nc3 g6 7. Nd2 Bg7 8. e4
O-O 9. Be2 Na6 10. O-O Ne8 11. Re1 Rb8 12. Nb5 Bd7 13. a4 Nac7 14. Nxc7 Qxc7
15. Nc4 a6 16. a5 Bb5 17. Nb6 Bxe2 18. Rxe2 Nf6 19. Nc4 Rfe8 20. Qc2 Nd7 21.
Bf4 Ne5 22. Bxe5 Bxe5 23. Nxe5 Rxe5 24. f4 Re7 25. Qc4 Rbe8 26. Ra3 Qd7 27. Rb3
Qg4 28. Rf3 f5 29. h3 Qh4 30. e5 Rxe5 31. Rxe5 Rxe5 32. g3 Qh5 33. Qc3 Re4 34.
Kg2 Re2+ 35. Rf2 Rxf2+ 36. Kxf2 Qd1 37. Qf6 Qd2+ 38. Kf1 Qxd5 39. Qd8+ Kg7 40.
Qe7+ Qf7 41. Qxd6 Qc4+ 42. Kf2 Qc2+ 43. Ke3 Qb3+ 44. Qd3 Qe6+ 45. Kd2 Kf7 46.
Qd8 Qc6 47. Kc3 h5 48. h4 Qe6 49. Kd2 Qe7 50. Qd5+ Kf6 51. Kd3 Qe1 52. Qd6+ Kf7
53. Qd5+ Kf6 54. Qd6+ Kf7 55. Qd5+ Kf6 1/2-1/2

[Event "Mitropa Cup 13th"]
[Site "Leibnitz"]
[Date "1990.??.??"]
[Round "2"]
[White "Hertneck, Gerald"]
[Black "Berend, Fred"]
[Result "1-0"]
[WhiteElo "2520"]
[BlackElo "2225"]
[PlyCount "67"]
[EventDate "1990.09.??"]
[EventType "team-tourn"]
[EventRounds "7"]
[EventCountry "AUT"]
[Source "ChessBase"]
[SourceDate "1991.02.01"]

1. d4 Nf6 2. c4 g6 3. Nc3 Bg7 4. e4 d6 5. Be2 O-O 6. Nf3 Bg4 7. Be3 Nfd7 8. O-O
Nc6 9. Qd2 Bxf3 10. Bxf3 e5 11. d5 Nd4 12. Bxd4 exd4 13. Nb5 Ne5 14. Nxd4 Nxc4
15. Qc3 Ne5 16. Rfd1 Nxf3+ 17. Qxf3 Qe7 18. Rac1 a6 19. Qd3 Rae8 20. f3 Bxd4+
21. Qxd4 f5 22. Re1 Qd8 23. exf5 Rxf5 24. Re6 Re5 25. f4 R5xe6 26. dxe6 c6 27.
Re1 Qe7 28. Re3 Rf8 29. g4 Re8 30. f5 c5 31. Qf4 Kg7 32. Rh3 g5 33. f6+ Kh8 34.
Qf5 1-0

[Event "Mitropa Cup 13th"]
[Site "Leibnitz"]
[Date "1990.??.??"]
[Round "2"]
[White "Hoffmann, Regis"]
[Black "Reeh, Oliver"]
[Result "0-1"]
[WhiteElo "2205"]
[BlackElo "2465"]
[PlyCount "86"]
[EventDate "1990.09.??"]
[EventType "team-tourn"]
[EventRounds "7"]
[EventCountry "AUT"]
[Source "ChessBase"]
[SourceDate "1991.02.01"]

1. d4 Nf6 2. c4 g6 3. Nc3 Bg7 4. g3 O-O 5. Bg2 d6 6. Nf3 Nc6 7. O-O Bf5 8. Re1
Ne4 9. Nxe4 Bxe4 10. e3 e5 11. dxe5 dxe5 12. Bd2 Qf6 13. Bc3 Rfd8 14. Nd2 Bxg2
15. Kxg2 Qe6 16. Qc2 Rd7 17. b3 Rad8 18. e4 h5 19. Rad1 h4 20. h3 hxg3 21. fxg3
Nd4 22. Bxd4 exd4 23. Qd3 c5 24. Rf1 Re8 25. Rfe1 Rde7 26. Qf3 Qa6 27. a4 Bh6
28. Rf1 Qc6 29. e5 Bxd2 30. Qxc6 bxc6 31. Rxd2 Rxe5 32. Rf6 R8e6 33. Rxe6 Rxe6
34. Rd3 Kg7 35. Kf3 a5 36. Kf2 f5 37. Rf3 Re4 38. Rd3 Kf6 39. h4 Ke5 40. Rf3
Rg4 41. Ke1 Ke4 42. Ke2 f4 43. gxf4 Rg2+ 0-1

[Event "Mitropa Cup 13th"]
[Site "Leibnitz"]
[Date "1990.??.??"]
[Round "2"]
[White "Horvath, Csaba"]
[Black "Weinzettl, Ernst"]
[Result "1-0"]
[WhiteElo "2480"]
[BlackElo "2295"]
[PlyCount "117"]
[EventDate "1990.09.??"]
[EventType "team-tourn"]
[EventRounds "7"]
[EventCountry "AUT"]
[Source "ChessBase"]
[SourceDate "1991.02.01"]

1. d4 d5 2. Nf3 e6 3. c4 c5 4. cxd5 exd5 5. Nc3 Nc6 6. g3 Nf6 7. Bg2 Be7 8. O-O
O-O 9. Bg5 cxd4 10. Nxd4 h6 11. Be3 Re8 12. Rc1 Bf8 13. Nxc6 bxc6 14. Na4 Bd7
15. Bc5 Bxc5 16. Nxc5 Bg4 17. Re1 Qa5 18. a3 Rab8 19. Nd3 Qb5 20. Qd2 Bf5 21.
b4 Qa4 22. Rc3 Bxd3 23. Qxd3 a5 24. bxa5 Qxa5 25. Rec1 Ra8 26. e3 Qa4 27. Rxc6
Qxa3 28. Qf5 Rad8 29. Qf4 Qb2 30. Rd1 Re7 31. h3 Red7 32. Rd4 Qb1+ 33. Kh2 Qg6
34. Rc1 Qg5 35. Rcd1 Qxf4 36. Rxf4 Kf8 37. g4 Rd6 38. Rfd4 Ke7 39. h4 g5 40.
Kg3 gxh4+ 41. Kxh4 Rg8 42. Bf3 Rgd8 43. Kg3 Rg8 44. Kh4 Rgd8 45. Bg2 R6d7 46.
Ra1 Kf8 47. Kg3 Kg7 48. Kf4 Kg6 49. Ra6 Kg7 50. Ke5 Ne8 51. Ra5 Nc7 52. Bxd5
Nxd5 53. Raxd5 Re7+ 54. Kf5 Ra8 55. e4 Ra2 56. f4 Re2 57. e5 Rb7 58. Rd8 Rb5
59. Ra8 1-0

[Event "Mitropa Cup 13th"]
[Site "Leibnitz"]
[Date "1990.??.??"]
[Round "2"]
[White "Horvath, Jozsef"]
[Black "Schlosser, Michael"]
[Result "1/2-1/2"]
[WhiteElo "2540"]
[BlackElo "2360"]
[PlyCount "99"]
[EventDate "1990.09.??"]
[EventType "team-tourn"]
[EventRounds "7"]
[EventCountry "AUT"]
[Source "ChessBase"]
[SourceDate "1991.02.01"]

1. d4 Nf6 2. Nf3 g6 3. c4 Bg7 4. g3 c6 5. Bg2 O-O 6. O-O d5 7. Nbd2 e6 8. Qc2
b5 9. b3 a5 10. Bb2 Ba6 11. Ne5 Nfd7 12. cxb5 cxb5 13. Rfc1 Nxe5 14. dxe5 Nd7
15. Nf3 Rc8 16. Qd2 b4 17. Rxc8 Qxc8 18. a3 Qb7 19. axb4 axb4 20. Ra4 Rb8 21.
Bd4 Bf8 22. e4 dxe4 23. Ng5 Bh6 24. Bxe4 Bxg5 25. Bxb7 Bxd2 26. Bxa6 Bc3 27.
Ba7 Rd8 28. f4 g5 29. Kf2 gxf4 30. gxf4 Nf8 31. Bc5 Rd2+ 32. Kg3 Rb2 33. Bc4
Be1+ 34. Kg4 Ng6 35. h3 Rg2+ 36. Kf3 Rg3+ 37. Ke4 Rxh3 38. Ra8+ Kg7 39. Ra7 Kg8
40. f5 exf5+ 41. Kd5 Bc3 42. Bd6 Re3 43. Kc6 Nxe5+ 44. Bxe5 Rxe5 45. Rxf7 Kh8
46. Bd3 Re6+ 47. Kd5 Rf6 48. Rxf6 Bxf6 49. Ke6 Kg7 50. Kxf5 1/2-1/2

[Event "Mitropa Cup 13th"]
[Site "Leibnitz"]
[Date "1990.??.??"]
[Round "2"]
[White "Miljanic, Boro"]
[Black "Lanzani, Mario"]
[Result "1/2-1/2"]
[WhiteElo "2380"]
[BlackElo "2345"]
[PlyCount "74"]
[EventDate "1990.09.??"]
[EventType "team-tourn"]
[EventRounds "7"]
[EventCountry "AUT"]
[Source "ChessBase"]
[SourceDate "1991.02.01"]

1. e4 e5 2. Bc4 Nf6 3. d3 c6 4. Bb3 Be7 5. f4 d6 6. Nf3 Nbd7 7. O-O Nc5 8. Kh1
Nxb3 9. axb3 Qc7 10. fxe5 dxe5 11. Nbd2 Nd7 12. Nc4 O-O 13. Qe1 f6 14. Qg3 b5
15. Ne3 Nc5 16. Nh4 Kh8 17. Nef5 Bxf5 18. exf5 Rfe8 19. Be3 a5 20. Qg4 a4 21.
Bxc5 Bxc5 22. bxa4 bxa4 23. Rxa4 Rxa4 24. Qxa4 Qb7 25. Qc4 Be3 26. c3 Ra8 27.
h3 Qa6 28. Qe4 Bf4 29. Nf3 Qb5 30. Nd4 exd4 31. Rxf4 Qc5 32. Rf2 Qd6 33. Rf1
Qc5 34. Re1 h6 35. Re2 Qd6 36. Re1 Qc5 37. Qe2 Qxf5 1/2-1/2

[Event "Mitropa Cup 13th"]
[Site "Leibnitz"]
[Date "1990.??.??"]
[Round "2"]
[White "Wittmann, Walter"]
[Black "Groszpeter, Attila"]
[Result "0-1"]
[WhiteElo "2410"]
[BlackElo "2555"]
[PlyCount "64"]
[EventDate "1990.09.??"]
[EventType "team-tourn"]
[EventRounds "7"]
[EventCountry "AUT"]
[Source "ChessBase"]
[SourceDate "1991.02.01"]

1. e4 c5 2. Nf3 d6 3. d4 cxd4 4. Nxd4 Nf6 5. Nc3 a6 6. Bg5 e6 7. f4 Nc6 8. Be2
Be7 9. Bf3 Bd7 10. Nxc6 Bxc6 11. Qd4 O-O 12. O-O Qc7 13. Kh1 Rad8 14. Qe3 h6
15. Bh4 Ng4 16. Bxg4 Bxh4 17. f5 exf5 18. Bxf5 Bf6 19. Bg4 Bxc3 20. Qxc3 Qe7
21. Rae1 Bxe4 22. Bf5 d5 23. Re2 Rfe8 24. h3 Qd6 25. Rfe1 Qf4 26. Bxe4 Rxe4 27.
Rxe4 dxe4 28. Qb4 Rd2 29. Qxb7 e3 30. Qf3 Qxf3 31. gxf3 e2 32. b4 Rd1 0-1

[Event "Mitropa Cup 13th"]
[Site "Leibnitz"]
[Date "1990.??.??"]
[Round "3"]
[White "Costa, Jean Luc"]
[Black "Bellia, Fabrizio"]
[Result "1-0"]
[WhiteElo "2405"]
[BlackElo "2295"]
[PlyCount "83"]
[EventDate "1990.09.??"]
[EventType "team-tourn"]
[EventRounds "7"]
[EventCountry "AUT"]
[Source "ChessBase"]
[SourceDate "1991.02.01"]

1. e4 e5 2. Nf3 Nc6 3. c3 Nf6 4. d3 d5 5. Nbd2 Be7 6. Be2 O-O 7. O-O a5 8. b3
Re8 9. a3 Bf8 10. Rb1 Bg4 11. h3 Bh5 12. Qc2 Rb8 13. Re1 h6 14. b4 axb4 15.
cxb4 Bg6 16. Bb2 Bd6 17. Bf1 dxe4 18. dxe4 Nd7 19. Rbd1 Qe7 20. Nc4 Nf6 21. b5
Nd4 22. Nxd4 exd4 23. Nxd6 cxd6 24. Qd2 Nxe4 25. Qxd4 Qf8 26. Bd3 Nf6 27. Rxe8
Nxe8 28. Bxg6 fxg6 29. a4 Qe7 30. Rd3 Rd8 31. Re3 Qf7 32. Qb6 Rd7 33. a5 d5 34.
a6 bxa6 35. bxa6 Kh7 36. Bd4 Rd6 37. Qb8 Nc7 38. Be5 Rc6 39. Rf3 Qe7 40. Rf8
Rc1+ 41. Kh2 Qxe5+ 42. f4 1-0

[Event "Mitropa Cup 13th"]
[Site "Leibnitz"]
[Date "1990.??.??"]
[Round "3"]
[White "Groszpeter, Attila"]
[Black "Hertneck, Gerald"]
[Result "0-1"]
[WhiteElo "2555"]
[BlackElo "2520"]
[Annotator "Hertneck"]
[PlyCount "84"]
[EventDate "1990.09.??"]
[EventType "team-tourn"]
[EventRounds "7"]
[EventCountry "AUT"]
[Source "ChessBase"]
[SourceDate "1991.02.01"]

1. d4 {Hertneck} Nf6 2. c4 c5 3. d5 b5 4. Nf3 g6 5. cxb5 a6 6. Nc3 axb5 7. d6
Qa5 8. e3 exd6 9. Bxb5 Ne4 10. Qd3 (10. Bd2 Nxc3 11. Bxc3 Qxb5 12. a4 $2 {>=
12.Bxh8 Ba6 ~/=} Qc4 13. Bxh8 Ba6 14. Rc1 Qe4 {=/+ Sadler,M-Hodgson,J [London
WFW 1988]}) 10... Nxc3 11. bxc3 Ba6 $1 12. Rb1 $1 (12. Qe4+ Be7 13. Qxa8 $2
Qxb5 14. c4 Qxc4 15. Qxb8+ Bd8 16. Qb2 Bf6 $19 17. Nd4) 12... Be7 $1 (12...
Bxb5 13. Rxb5 Qxa2 14. c4 Be7 15. Bb2 O-O 16. Ke2 Qa6 17. h4 $16) 13. O-O O-O
14. c4 Qxa2 15. e4 (15. Bb2 Bxb5 16. cxb5 Ra4 $13) 15... Bxb5 16. cxb5 Ra4 $1 {
Black seems to be worse because of the Nb8, but in fact the game is equal} 17.
Bb2 Rb4 18. Bc3 Qc4 19. Qe3 Rxb1 20. Rxb1 Re8 21. Nd2 Qe6 22. Qd3 f5 23. f3
fxe4 24. fxe4 Bf6 25. Bxf6 Qxf6 26. Nc4 Qd4+ 27. Qxd4 cxd4 28. Ra1 d3 29. Ra8
Kg7 $17 30. Kf2 Rxe4 31. Rxb8 Rxc4 32. Rb7 Rc2+ 33. Kf3 Kf6 34. Rxd7 Ke6 35.
Rxh7 Rxg2 $1 $19 36. Ra7 Rxh2 37. b6 Rb2 38. b7 g5 39. Ke3 d2 40. Ke2 g4 41.
b8=Q Rxb8 42. Kxd2 Rg8 {Hertneck} 0-1

[Event "Mitropa Cup 13th"]
[Site "Leibnitz"]
[Date "1990.??.??"]
[Round "3"]
[White "Jovicic, Milos"]
[Black "Herndl, Harald"]
[Result "0-1"]
[WhiteElo "2325"]
[BlackElo "2285"]
[PlyCount "108"]
[EventDate "1990.09.??"]
[EventType "team-tourn"]
[EventRounds "7"]
[EventCountry "AUT"]
[Source "ChessBase"]
[SourceDate "1991.02.01"]

1. Nf3 Nf6 2. c4 c6 3. Nc3 d5 4. d4 dxc4 5. a4 Bf5 6. Nh4 Bc8 7. e3 e5 8. Bxc4
exd4 9. exd4 Be7 10. O-O O-O 11. Re1 Nd5 12. Nf3 Be6 13. Qb3 Na6 14. Bxd5 cxd5
15. Bf4 Nb4 16. Nb5 Rc8 17. Nxa7 Rc4 18. Re2 Bf5 19. Nb5 Bc2 20. Qe3 Be4 21.
Ne1 Nc6 22. b3 Rb4 23. Nc2 Bxc2 24. Rxc2 Bf6 25. Rd2 Re8 26. Qc3 Re4 27. Be3
Qe7 28. Rd3 g6 29. h3 Bg7 30. Qd2 f5 31. Nc3 f4 32. Nxd5 Qf8 33. Nxf4 Nxd4 34.
Rd1 Rxf4 35. Bxf4 Qxf4 36. Qe1 h5 37. Kh1 Nf5 38. Qe6+ Kh7 39. Rf3 Qe4 40. Qxe4
Rxe4 41. Rd7 b6 42. g3 Kh6 43. Rf4 Re2 44. Rd5 Be5 45. Rb4 Bc3 46. Rxb6 Rxf2
47. g4 hxg4 48. hxg4 Ng3+ 49. Kg1 Rb2 50. a5 Ne2+ 51. Kf1 Nf4 52. Rd1 Nh3 53.
g5+ Kxg5 54. Rb5+ Kh6 0-1

[Event "Mitropa Cup 13th"]
[Site "Leibnitz"]
[Date "1990.??.??"]
[Round "3"]
[White "Lanzani, Mario"]
[Black "Fioramonti, Hung"]
[Result "1-0"]
[WhiteElo "2345"]
[BlackElo "2335"]
[PlyCount "83"]
[EventDate "1990.09.??"]
[EventType "team-tourn"]
[EventRounds "7"]
[EventCountry "AUT"]
[Source "ChessBase"]
[SourceDate "1991.02.01"]

1. d4 Nf6 2. Nf3 b6 3. Bg5 Ne4 4. Bh4 g6 5. Nbd2 Nxd2 6. Qxd2 Bg7 7. e4 Bb7 8.
Bd3 d6 9. Bg5 h6 10. Be3 Nd7 11. c3 e5 12. d5 Qe7 13. Bc2 Qf8 14. g4 O-O-O 15.
a4 Nf6 16. h3 Nxe4 17. Bxe4 f5 18. Bc2 f4 19. Nh4 fxe3 20. fxe3 e4 21. Nxg6 Qf3
22. Rf1 Qxh3 23. Nxh8 Ba6 24. Rg1 Rxh8 25. O-O-O Re8 26. Qf2 Rf8 27. Qg3 Qxg3
28. Rxg3 Re8 29. g5 h5 30. Rh1 Bc4 31. Rxh5 Bxd5 32. g6 Bg8 33. Rf5 d5 34. Bb3
c6 35. Rf7 Be5 36. Rg5 Bc7 37. Rf1 Kd8 38. g7 Ke7 39. Rgf5 Bd6 40. Rf8 Kd7 41.
Bd1 Rd8 42. Rxd8+ 1-0

[Event "Mitropa Cup 13th"]
[Site "Leibnitz"]
[Date "1990.??.??"]
[Round "3"]
[White "Lutz, Christopher"]
[Black "Horvath, Csaba"]
[Result "1-0"]
[WhiteElo "2445"]
[BlackElo "2480"]
[PlyCount "83"]
[EventDate "1990.09.??"]
[EventType "team-tourn"]
[EventRounds "7"]
[EventCountry "AUT"]
[Source "ChessBase"]
[SourceDate "1991.02.01"]

1. d4 d5 2. c4 c6 3. Nf3 Nf6 4. Nc3 dxc4 5. a4 Bf5 6. Nh4 Bc8 7. e3 e5 8. Bxc4
exd4 9. exd4 Be7 10. Nf3 O-O 11. O-O Bg4 12. Be3 Nbd7 13. h3 Bh5 14. a5 Bd6 15.
Bg5 Qc7 16. Qd3 h6 17. Bxf6 Bxf3 18. Bh4 Bd5 19. Bxd5 cxd5 20. Nxd5 Qc6 21.
Ne7+ Bxe7 22. Bxe7 Rfe8 23. d5 Ne5 24. Qe4 Qd7 25. Qxe5 Rxe7 26. Qd4 Qd6 27.
Rfe1 Rxe1+ 28. Rxe1 a6 29. Qc4 Rd8 30. Rd1 Qe5 31. b4 g6 32. Qc5 Kg7 33. d6
Qxc5 34. bxc5 Rc8 35. Rd5 Kf6 36. f4 g5 37. g3 gxf4 38. gxf4 Ke6 39. Re5+ Kf6
40. Kf2 Rg8 41. Re7 Rc8 42. Rc7 1-0

[Event "Mitropa Cup 13th"]
[Site "Leibnitz"]
[Date "1990.??.??"]
[Round "3"]
[White "Pavlovic, Milos"]
[Black "Wittmann, Walter"]
[Result "1-0"]
[WhiteElo "2465"]
[BlackElo "2410"]
[Annotator "Schussler"]
[PlyCount "53"]
[EventDate "1990.09.??"]
[EventType "team-tourn"]
[EventRounds "7"]
[EventCountry "AUT"]
[Source "ChessBase"]
[SourceDate "1991.02.01"]

1. e4 e5 2. Nf3 Nc6 3. Bb5 a6 4. Ba4 b5 5. Bb3 Bc5 6. O-O d6 7. c3 Bg4 8. Bd5
Qd7 9. h3 (9. Bxc6 Qxc6 10. Nxe5 dxe5 $1 {10. - Bxd1 11.Nxc6 Be2 12.Re1 Bd3 13.
Nd4 gives White a big advantage.} 11. Qxg4 Nf6 12. Qf3 {12.Qxg7 Rg8 13.Qh6 Qxe4
} Qxe4 13. Qxe4 Nxe4 14. d4 exd4 15. Re1 f5 16. f3 d3+ $10) 9... Bxf3 {9. -
Bh5? 10.Nxe5} 10. Qxf3 Nf6 11. Bb3 $14 O-O 12. d3 Kh8 13. Nd2 Ng8 14. Qg4 f5
15. exf5 Nh6 16. Be6 $1 Qe8 $6 17. Qe4 Ne7 18. Nb3 $16 Bb6 19. Bxh6 gxh6 20. c4
Qh5 21. c5 Ba7 22. a4 b4 23. Rac1 Nxf5 24. g4 Qxh3 25. Bxf5 h5 26. cxd6 cxd6
27. Rc7 1-0

[Event "Mitropa Cup 13th"]
[Site "Leibnitz"]
[Date "1990.??.??"]
[Round "3"]
[White "Sarno, Spartaco"]
[Black "Landenbergue, Claude"]
[Result "1/2-1/2"]
[WhiteElo "2385"]
[BlackElo "2380"]
[PlyCount "123"]
[EventDate "1990.09.??"]
[EventType "team-tourn"]
[EventRounds "7"]
[EventCountry "AUT"]
[Source "ChessBase"]
[SourceDate "1991.02.01"]

1. d4 e6 2. c4 Nf6 3. Nf3 d5 4. Nc3 Bb4 5. Bg5 Nbd7 6. e3 O-O 7. cxd5 exd5 8.
Bd3 c5 9. O-O Qa5 10. Qc2 c4 11. Bf5 Re8 12. Nd2 g6 13. Bxd7 Nxd7 14. a3 Bxc3
15. bxc3 Nb6 16. f3 Qa4 17. Qc1 Bf5 18. Ra2 Bd3 19. Re1 Qa5 20. a4 Nxa4 21. Qa3
b5 22. Qd6 Qb6 23. Qa3 Re6 24. Raa1 Rae8 25. e4 dxe4 26. fxe4 Bxe4 27. Bh6 Bd5
28. Nf1 Qd8 29. Rxe6 Bxe6 30. Re1 Qh4 31. Bd2 Rd8 32. Ng3 Bd5 33. Re5 h6 34.
Be1 Qf6 35. Qc1 g5 36. h4 Qf4 37. Qxf4 gxf4 38. Nh5 Bc6 39. Nxf4 b4 40. d5 b3
41. dxc6 a6 42. c7 Rc8 43. Bd2 b2 44. Re1 Rxc7 45. Nd5 Rb7 46. Rb1 Rb3 47. Ne3
Ra3 48. Nc2 Rb3 49. Kf2 a5 50. Ne3 Nb6 51. Kf3 a4 52. Nc2 a3 53. Nxa3 Rxa3 54.
Rxb2 Nd5 55. Rc2 Kg7 56. Ke4 Nc7 57. Rb2 Ne6 58. Kd5 Ra4 59. g4 Ra1 60. Be3 Rh1
61. g5 hxg5 62. hxg5 1/2-1/2